000 00538nam a2200193Ia 4500
005 20250923144351.0
008 008 250917s9999 xx 000 0 eng d
037 _aTextual
040 _aDSWL
_beng
_cDSWL
041 _aeng
_2eng
084 _aYX,zc;7, H9
_qDSWL
100 _aRusk, Taylor
_9824172
245 0 _aNew hope for the handicapped
_cby Rusk
260 _aNew York
_b Harper
_c1949
300 _a231 p.
700 _a Taylor
_9824173
942 _cTEXL
_hYX,zc;7, H9
999 _c1437980
_d1437980